[Event "2016 Redpath Mining Millionaire Chess Open"]
[Site "Venue: Old Ed’s Sports Complex, Houghton, Johannesburg"]
[Date "2016.07.15"]
[Round "5"]
[Board "15"]
[White "Jurgens, John C."]
[Black "Menyuku, Boitumelo Oscar"]
[Result "0-1"]
[WhiteElo "1714"]
[BlackElo "1785"]
[PlyCount "0"]
[EventDate "2016.07.13"]
[EventRounds "9"]
[EventCountry "RSA"]

1. c4 {[%clk 1:30:50]} Nf6 {[%clk 1:17:04]} 2. Nc3 {[%clk 1:31:05]} e5
{[%clk 1:16:14]} 3. g3 {[%clk 1:31:18]} d5 {[%clk 1:16:05]} 4. cxd5
{[%clk 1:31:35]} Nxd5 {[%clk 1:16:26]} 5. Bg2 {[%clk 1:31:57]} c6
{[%clk 1:16:45]} 6. e3 {[%clk 1:30:07]} Be7 {[%clk 1:16:57]} 7. Nge2
{[%clk 1:30:19]} O-O {[%clk 1:17:02]} 8. O-O {[%clk 1:30:22]} Be6
{[%clk 1:11:55]} 9. e4 {[%clk 1:23:45]} Nb4 {[%clk 1:09:09]} 10. d4
{[%clk 1:23:44]} exd4 {[%clk 1:04:36]} 11. Qxd4 {[%clk 1:22:42]} Qa5
{[%clk 1:02:43]} 12. Rb1 {[%clk 1:14:05]} Nxa2 {[%clk 0:56:21]} 13. Be3
{[%clk 1:08:01]} Rd8 {[%clk 0:45:46]} 14. Qa4 {[%clk 1:08:09]} Qxa4
{[%clk 0:46:03]} 15. Nxa4 {[%clk 1:08:25]} Na6 {[%clk 0:42:41]} 16. Nd4
{[%clk 0:59:46]} Bc4 {[%clk 0:41:49]} 17. Rfc1 {[%clk 0:59:00]} Nxc1
{[%clk 0:41:09]} 0-1

[Event "2016 Redpath Mining Millionaire Chess Open"]
[Site "Venue: Old Ed’s Sports Complex, Houghton, Johannesburg"]
[Date "2016.07.15"]
[Round "5"]
[Board "16"]
[White "Waters, Anre"]
[Black "Marais, Daniel"]
[Result "0-1"]
[WhiteElo "1537"]
[BlackElo "1771"]
[PlyCount "0"]
[EventDate "2016.07.13"]
[EventRounds "9"]
[EventCountry "RSA"]

1. d4 {[%clk 1:30:47]} d5 {[%clk 1:30:37]} 2. e3 {[%clk 1:31:01]} Nf6
{[%clk 1:31:00]} 3. Bd3 {[%clk 1:31:10]} c5 {[%clk 1:31:26]} 4. c3
{[%clk 1:31:24]} Nc6 {[%clk 1:31:14]} 5. f4 {[%clk 1:31:36]} Bg4 {[%clk 1:23:33]}
6. Nf3 {[%clk 1:30:55]} e6 {[%clk 1:23:54]} 7. O-O {[%clk 1:30:50]} Bd6
{[%clk 1:24:16]} 8. Qe1 {[%clk 1:29:52]} cxd4 {[%clk 1:22:27]} 9. exd4
{[%clk 1:29:51]} Qb6 {[%clk 1:22:27]} 10. Ne5 {[%clk 1:28:23]} Bh5
{[%clk 1:17:43]} 11. Kh1 {[%clk 1:23:46]} O-O {[%clk 1:11:08]} 12. Nd2
{[%clk 1:22:28]} Ne7 {[%clk 0:51:29]} 13. Ndf3 {[%clk 1:18:20]} Bxf3
{[%clk 0:51:43]} 14. Rxf3 {[%clk 1:17:08]} Rfd8 {[%clk 0:51:23]} 15. Rh3
{[%clk 1:16:27]} Nf5 {[%clk 0:49:58]} 16. g4 {[%clk 1:06:56]} Bxe5
{[%clk 0:44:09]} 17. gxf5 {[%clk 1:06:50]} Bc7 {[%clk 0:43:54]} 18. fxe6
{[%clk 1:05:07]} Qxe6 {[%clk 0:43:44]} 19. Qxe6 {[%clk 0:55:23]} fxe6
{[%clk 0:43:30]} 20. Bd2 {[%clk 0:55:44]} Rf8 {[%clk 0:43:04]} 21. Rg1
{[%clk 0:52:50]} Ne4 {[%clk 0:43:18]} 22. Bxe4 {[%clk 0:52:30]} dxe4
{[%clk 0:43:47]} 23. Rhg3 {[%clk 0:51:34]} g6 {[%clk 0:43:59]} 24. Rg4
{[%clk 0:51:49]} Kg7 {[%clk 0:36:52]} 25. Re1 {[%clk 0:51:38]} Kf6
{[%clk 0:37:17]} 26. Rg5 {[%clk 0:48:32]} h6 {[%clk 0:37:32]} 27. Rb5
{[%clk 0:48:49]} b6 {[%clk 0:37:07]} 28. Rxe4 {[%clk 0:48:51]} a6
{[%clk 0:37:30]} 29. Rb3 {[%clk 0:48:41]} Kf5 {[%clk 0:37:34]} 30. Re2
{[%clk 0:48:14]} b5 {[%clk 0:36:57]} 31. Rf2 {[%clk 0:47:46]} Ke4
{[%clk 0:36:19]} 32. a4 {[%clk 0:44:40]} Bxf4 {[%clk 0:36:38]} 33. Rxf4+
{[%clk 0:44:34]} Rxf4 {[%clk 0:37:02]} 34. Bxf4 {[%clk 0:44:27]} Kxf4
{[%clk 0:37:27]} 35. axb5 {[%clk 0:44:44]} axb5 {[%clk 0:37:51]} 36. Rxb5
{[%clk 0:45:06]} Kf3 {[%clk 0:38:14]} 37. h3 {[%clk 0:41:06]} Kg3
{[%clk 0:38:38]} 38. Re5 {[%clk 0:40:58]} Ra1+ 0-1

[Event "2016 Redpath Mining Millionaire Chess Open"]
[Site "Venue: Old Ed’s Sports Complex, Houghton, Johannesburg"]
[Date "2016.07.15"]
[Round "5"]
[Board "17"]
[White "Smith, Elani"]
[Black "Akande, Tunde"]
[Result "0-1"]
[WhiteElo "1168"]
[BlackElo "1726"]
[PlyCount "0"]
[EventDate "2016.07.13"]
[EventRounds "9"]
[EventCountry "RSA"]

1. e4 {[%clk 1:30:57]} c5 {[%clk 1:15:52]} 2. Nc3 {[%clk 1:31:12]} Nc6
{[%clk 1:15:54]} 3. f4 {[%clk 1:31:27]} g6 {[%clk 1:16:08]} 4. Bb5
{[%clk 1:31:02]} Nd4 {[%clk 1:16:05]} 5. Nf3 {[%clk 1:30:36]} Nxb5
{[%clk 1:16:00]} 6. Nxb5 {[%clk 1:30:50]} a6 {[%clk 1:16:11]} 7. Nc3
{[%clk 1:30:55]} Bg7 {[%clk 1:16:28]} 8. O-O {[%clk 1:30:59]} d6 {[%clk 1:16:18]}
9. d3 {[%clk 1:30:45]} Nf6 {[%clk 1:16:15]} 10. Qe1 {[%clk 1:30:23]} O-O
{[%clk 1:15:00]} 11. Bd2 {[%clk 1:25:52]} b5 {[%clk 1:14:09]} 12. a3
{[%clk 1:23:01]} Bb7 {[%clk 1:13:23]} 13. f5 {[%clk 1:19:55]} e6 {[%clk 1:08:04]}
14. Rb1 {[%clk 1:10:29]} exf5 {[%clk 1:04:08]} 15. exf5 {[%clk 1:10:37]} Qd7
{[%clk 1:03:11]} 16. Nh4 {[%clk 1:05:35]} Ng4 {[%clk 0:55:16]} 17. Qg3
{[%clk 1:00:52]} Nf6 {[%clk 0:48:14]} 18. Bg5 {[%clk 0:57:02]} Nh5
{[%clk 0:45:44]} 19. Qe3 {[%clk 0:51:06]} Bd4 {[%clk 0:45:43]} 20. Qxd4
{[%clk 0:48:04]} cxd4 {[%clk 0:46:02]} 21. Ne4 {[%clk 0:47:35]} Bxe4
{[%clk 0:45:44]} 22. dxe4 {[%clk 0:47:54]} Rfe8 {[%clk 0:44:52]} 23. fxg6
{[%clk 0:46:31]} hxg6 {[%clk 0:44:42]} 24. Rf2 {[%clk 0:45:44]} Rf8
{[%clk 0:42:48]} 25. Rbf1 {[%clk 0:44:33]} Rae8 {[%clk 0:42:13]} 26. Bh6
{[%clk 0:40:15]} Ng7 {[%clk 0:42:14]} 27. Rf4 {[%clk 0:38:31]} Kh7
{[%clk 0:38:54]} 28. Bxg7 {[%clk 0:36:55]} Kxg7 {[%clk 0:39:03]} 29. Nf3
{[%clk 0:36:41]} Qb7 {[%clk 0:36:09]} 30. Re1 {[%clk 0:27:58]} Qb6
{[%clk 0:33:19]} 31. Rf1 {[%clk 0:27:37]} d3+ 0-1

[Event "2016 Redpath Mining Millionaire Chess Open"]
[Site "Venue: Old Ed’s Sports Complex, Houghton, Johannesburg"]
[Date "2016.07.15"]
[Round "5"]
[Board "18"]
[White "Goldberg, Shmuel"]
[Black "Dykema, Dirkho"]
[Result "1-0"]
[WhiteElo "1597"]
[BlackElo "1425"]
[PlyCount "0"]
[EventDate "2016.07.13"]
[EventRounds "9"]
[EventCountry "RSA"]

1. d4 {[%clk 1:30:58]} Nf6 {[%clk 1:30:51]} 2. c4 {[%clk 1:31:27]} g6
{[%clk 1:31:11]} 3. Nc3 {[%clk 1:31:56]} Bg7 {[%clk 1:30:18]} 4. e4
{[%clk 1:32:21]} d6 {[%clk 1:30:06]} 5. Nf3 {[%clk 1:32:36]} Nbd7
{[%clk 1:28:18]} 6. Be2 {[%clk 1:32:46]} O-O {[%clk 1:26:09]} 7. O-O
{[%clk 1:33:06]} Qe8 {[%clk 1:24:01]} 8. Qc2 {[%clk 1:33:00]} a6 {[%clk 1:23:44]}
9. h3 {[%clk 1:32:47]} e5 {[%clk 1:13:58]} 10. d5 {[%clk 1:33:22]} h5
{[%clk 1:14:07]} 11. b4 {[%clk 1:33:35]} Nh7 12. Bd3 {[%clk 1:33:35]} f6
{[%clk 1:12:22]} 13. Be3 {[%clk 1:33:50]} g5 {[%clk 1:10:52]} 14. Nd2 Qg6
{[%clk 1:07:33]} 15. c5 {[%clk 1:33:29]} Rf7 16. cxd6 {[%clk 1:29:20]} cxd6
{[%clk 1:05:04]} 17. b5 {[%clk 1:29:32]} h4 {[%clk 1:04:47]} 18. f3
{[%clk 1:29:48]} b6 {[%clk 0:58:02]} 19. Nc4 {[%clk 1:29:59]} Bf8
{[%clk 0:57:48]} 20. Nxb6 {[%clk 1:29:39]} Nxb6 {[%clk 0:58:07]} 21. Bxb6
{[%clk 1:30:04]} f5 {[%clk 0:57:23]} 22. a4 {[%clk 1:28:10]} f4 {[%clk 0:56:10]}
23. Qe2 {[%clk 1:27:22]} Rg7 {[%clk 0:55:25]} 24. bxa6 {[%clk 1:26:49]} Nf6
{[%clk 0:54:22]} 25. Bd8 {[%clk 1:24:53]} g4 {[%clk 0:51:48]} 26. Bxf6
{[%clk 1:24:29]} gxf3 {[%clk 0:50:06]} 27. Rxf3 {[%clk 1:23:48]} Qxf6
{[%clk 0:50:18]} 28. Na2 {[%clk 1:23:59]} Qd8 {[%clk 0:42:04]} 29. Rb1
{[%clk 1:23:31]} Raa7 {[%clk 0:40:56]} 30. Nb4 {[%clk 1:23:44]} Qb6+
{[%clk 0:41:06]} 31. Kh1 {[%clk 1:23:59]} Qc7 {[%clk 0:40:07]} 32. Nc6
{[%clk 1:24:17]} Ra8 {[%clk 0:40:28]} 33. Bc4 {[%clk 1:23:28]} Kh8
{[%clk 0:40:01]} 34. Rfb3 {[%clk 1:23:35]} Rg3 {[%clk 0:38:59]} 35. Rb7
{[%clk 1:21:36]} f3 {[%clk 0:37:49]} 36. Qd1 {[%clk 1:20:49]} Bxb7
{[%clk 0:32:53]} 37. axb7 {[%clk 1:21:17]} Qg7 {[%clk 0:33:09]} 38. Qxf3
{[%clk 1:21:10]} Rxf3 {[%clk 0:31:15]} 39. bxa8=Q {[%clk 1:21:38]} Rf2
{[%clk 0:29:58]} 40. Bf1 {[%clk 1:22:02]} Qg3 {[%clk 0:29:20]} 41. Qe8
{[%clk 1:22:24]} Kh7 {[%clk 0:29:06]} 42. Qh5+ 1-0

[Event "2016 Redpath Mining Millionaire Chess Open"]
[Site "Venue: Old Ed’s Sports Complex, Houghton, Johannesburg"]
[Date "2016.07.15"]
[Round "5"]
[Board "19"]
[White "Oberholzer, Marni"]
[Black "Grobbelaar, Jacqui"]
[Result "1/2-1/2"]
[WhiteElo "1643"]
[BlackElo "1550"]
[PlyCount "0"]
[EventDate "2016.07.13"]
[EventRounds "9"]
[EventCountry "RSA"]

1. d4 {[%clk 1:30:53]} d5 {[%clk 1:30:45]} 2. c4 {[%clk 1:31:15]} c6
{[%clk 1:31:09]} 3. cxd5 {[%clk 1:31:31]} cxd5 {[%clk 1:31:29]} 4. Bf4
{[%clk 1:31:45]} Qb6 {[%clk 1:31:12]} 5. Qd2 {[%clk 1:30:45]} Bf5
{[%clk 1:30:35]} 6. e3 {[%clk 1:30:20]} e6 {[%clk 1:30:51]} 7. Nc3
{[%clk 1:28:04]} Nf6 {[%clk 1:29:42]} 8. a3 {[%clk 1:27:04]} a6 {[%clk 1:28:58]}
9. Nf3 {[%clk 1:26:46]} Qa5 {[%clk 1:27:27]} 10. Rc1 {[%clk 1:25:02]} Nc6
{[%clk 1:26:25]} 11. Be2 {[%clk 1:24:53]} Be7 {[%clk 1:25:20]} 12. O-O
{[%clk 1:23:19]} O-O {[%clk 1:24:51]} 13. h3 {[%clk 1:20:51]} h6 {[%clk 1:24:41]}
14. Qd1 {[%clk 1:20:59]} Ne4 {[%clk 1:22:02]} 15. Nxe4 {[%clk 1:14:34]} Bxe4
{[%clk 1:21:18]} 16. Nd2 {[%clk 1:13:36]} Bf5 {[%clk 1:20:09]} 17. Rc3
{[%clk 1:07:17]} Rac8 18. Qa1 {[%clk 1:07:17]} Bf6 19. Nb3 {[%clk 1:07:17]} Qb6
20. Nc5 {[%clk 1:07:17]} e5 21. Rb3 {[%clk 1:07:17]} Qa7 22. g4 {[%clk 1:07:17]}
Be6 23. Rxb7 {[%clk 1:07:17]} Qa8 24. dxe5 {[%clk 1:07:17]} Nxe5 25. Nxe6
{[%clk 1:07:17]} Qxb7 26. Nxf8 {[%clk 1:07:17]} Kxf8 27. Qd1 {[%clk 1:07:17]}
Qxb2 28. Qxd5 {[%clk 1:07:17]} Rd8 29. Qc5+ {[%clk 1:07:17]} Kg8 30. Bxa6
{[%clk 1:07:17]} Nf3+ 31. Kh1 {[%clk 1:07:17]} Rd2 32. e4 {[%clk 1:07:17]} Rc2
33. Qb4 {[%clk 1:07:17]} Qa2 34. Bg3 {[%clk 1:07:17]} Bd4 35. Qb8+
{[%clk 1:07:17]} Kh7 36. Qf4 {[%clk 1:07:17]} Ng5 37. Bd3 {[%clk 1:07:17]} Bxf2
38. Bxc2 {[%clk 1:07:17]} Bxg3 39. Qxg3 {[%clk 1:07:17]} Qxc2 40. Qf2
{[%clk 1:07:17]} Qxe4+ 41. Kh2 {[%clk 1:07:17]} Qe5+ 42. Kg2 {[%clk 1:07:17]}
Qd5+ 43. Kh2 {[%clk 1:07:17]} Qe5+ 44. Qg3 {[%clk 1:07:17]} Qb5 45. Qf2
{[%clk 1:07:17]} Qb3 46. Qg3 {[%clk 1:07:17]} Qb5 47. Kg1 {[%clk 1:07:17]} Qb6+
48. Kh2 {[%clk 1:07:17]} Qb5 49. Kg2 {[%clk 1:07:17]} Qb7+ 50. Kh2
{[%clk 1:07:17]} Qb5 1/2-1/2

[Event "2016 Redpath Mining Millionaire Chess Open"]
[Site "Venue: Old Ed’s Sports Complex, Houghton, Johannesburg"]
[Date "2016.07.15"]
[Round "5"]
[Board "20"]
[White "Beukman, Eduan"]
[Black "Oberholzer, Imarie"]
[Result "0-1"]
[WhiteElo "1485"]
[BlackElo "1504"]
[PlyCount "0"]
[EventDate "2016.07.13"]
[EventRounds "9"]
[EventCountry "RSA"]

1. d4 {[%clk 1:30:58]} Nf6 {[%clk 1:30:52]} 2. Nc3 {[%clk 1:31:25]} c5
{[%clk 1:30:21]} 3. d5 {[%clk 1:30:50]} d6 {[%clk 1:29:19]} 4. e4
{[%clk 1:30:38]} g6 {[%clk 1:27:43]} 5. Bg5 {[%clk 1:27:16]} Bg7 {[%clk 1:25:47]}
6. Qd2 {[%clk 1:27:19]} O-O {[%clk 1:24:37]} 7. f3 {[%clk 1:27:13]} Nbd7
{[%clk 1:23:39]} 8. g4 {[%clk 1:27:17]} Qb6 {[%clk 1:15:08]} 9. O-O-O
{[%clk 1:27:09]} Qa5 {[%clk 1:09:36]} 10. Bh6 {[%clk 1:26:38]} Ne5
{[%clk 1:09:36]} 11. h4 {[%clk 1:26:25]} Kh8 {[%clk 0:47:18]} 12. h5
{[%clk 1:22:38]} gxh5 {[%clk 0:47:18]} 13. Bxg7+ {[%clk 1:21:03]} Kxg7
{[%clk 0:41:41]} 14. g5 {[%clk 1:20:27]} Ne8 {[%clk 0:37:08]} 15. Rxh5
{[%clk 1:18:32]} Rh8 {[%clk 0:35:09]} 16. f4 {[%clk 1:14:09]} Bg4
{[%clk 0:32:05]} 17. Rh4 {[%clk 1:11:29]} Bxd1 {[%clk 0:28:37]} 18. fxe5
{[%clk 1:10:06]} dxe5 {[%clk 0:28:37]} 19. Qxd1 {[%clk 1:10:00]} Qb6
{[%clk 0:25:14]} 20. Qd2 {[%clk 1:01:15]} Nd6 {[%clk 0:19:08]} 21. Nf3
{[%clk 0:57:46]} f6 {[%clk 0:17:19]} 22. gxf6+ {[%clk 0:57:22]} exf6
{[%clk 0:17:19]} 23. Qh6+ {[%clk 0:52:13]} Kf7 {[%clk 0:16:54]} 24. Bh3
{[%clk 0:43:44]} Ke7 {[%clk 0:14:02]} 25. Qg7+ {[%clk 0:42:48]} Nf7
{[%clk 0:12:32]} 26. d6+ {[%clk 0:41:07]} Qxd6 {[%clk 0:12:32]} 27. Nd5+
{[%clk 0:41:07]} Ke8 {[%clk 0:11:38]} 28. Nxf6+ {[%clk 0:39:17]} Ke7
{[%clk 0:11:26]} 29. Ng5 {[%clk 0:26:16]} Qxf6 {[%clk 0:10:41]} 30. Qxf6+
{[%clk 0:22:31]} Kxf6 {[%clk 0:11:02]} 31. Nf3 {[%clk 0:22:05]} Rag8
{[%clk 0:10:24]} 32. Rg4 {[%clk 0:21:24]} Rxg4 {[%clk 0:10:36]} 33. Bxg4
{[%clk 0:21:50]} Ng5 {[%clk 0:10:36]} 34. Nxg5 {[%clk 0:21:50]} Kxg5
{[%clk 0:10:36]} 35. Bf5 {[%clk 0:21:50]} h5 {[%clk 0:10:36]} 36. Kd2
{[%clk 0:22:44]} h4 {[%clk 0:11:33]} 37. Bh3 {[%clk 0:22:44]} Kf4
{[%clk 0:11:48]} 38. Ke2 {[%clk 0:23:15]} Kxe4 {[%clk 0:11:28]} 39. a3
{[%clk 0:23:00]} Kf4 {[%clk 0:11:45]} 40. Kf2 {[%clk 0:23:24]} e4
{[%clk 0:11:54]} 41. b4 {[%clk 0:23:19]} cxb4 {[%clk 0:12:04]} 42. axb4
{[%clk 0:23:45]} e3+ {[%clk 0:12:15]} 43. Ke2 {[%clk 0:23:56]} Kg3
{[%clk 0:12:02]} 0-1

[Event "2016 Redpath Mining Millionaire Chess Open"]
[Site "Venue: Old Ed’s Sports Complex, Houghton, Johannesburg"]
[Date "2016.07.15"]
[Round "5"]
[Board "21"]
[White "Ndlovu, Talia"]
[Black "Vedant, Kumar Saravana"]
[Result "1-0"]
[WhiteElo "1203"]
[BlackElo "1074"]
[PlyCount "0"]
[EventDate "2016.07.13"]
[EventRounds "9"]
[EventCountry "RSA"]

1. d4 {[%clk 1:30:56]} Nf6 {[%clk 1:30:54]} 2. Nf3 {[%clk 1:30:55]} g6
{[%clk 1:31:01]} 3. g3 {[%clk 1:29:43]} Bg7 {[%clk 1:31:21]} 4. Bg2
{[%clk 1:28:34]} d6 {[%clk 1:31:37]} 5. c4 {[%clk 1:28:30]} O-O {[%clk 1:28:53]}
6. Nc3 {[%clk 1:24:38]} e6 {[%clk 1:22:59]} 7. Bg5 {[%clk 1:20:15]} Nbd7
{[%clk 1:18:51]} 8. O-O {[%clk 1:18:25]} Nb6 {[%clk 1:17:31]} 9. Qb3
{[%clk 1:05:26]} Qd7 {[%clk 1:10:20]} 10. Rfd1 d5 {[%clk 1:03:56]} 11. cxd5
{[%clk 0:55:23]} Nfxd5 {[%clk 1:01:53]} 12. Ne5 {[%clk 0:54:08]} Bxe5
{[%clk 0:53:44]} 13. dxe5 {[%clk 0:53:26]} Qc6 {[%clk 0:43:17]} 14. Nxd5
{[%clk 0:51:21]} Nxd5 {[%clk 0:43:07]} 15. Rac1 {[%clk 0:50:29]} Qa6
{[%clk 0:41:41]} 16. e4 {[%clk 0:40:30]} Nb6 {[%clk 0:33:09]} 17. Rxc7
{[%clk 0:34:54]} Qa5 {[%clk 0:23:45]} 18. Qf3 {[%clk 0:28:03]} Qxe5
{[%clk 0:20:01]} 19. Bh6 {[%clk 0:20:37]} Bd7 {[%clk 0:08:19]} 20. Rdxd7
{[%clk 0:19:03]} Nxd7 {[%clk 0:07:27]} 21. Rxd7 {[%clk 0:18:32]} Qxb2
{[%clk 0:07:39]} 22. Bxf8 {[%clk 0:18:11]} Rxf8 {[%clk 0:07:48]} 23. e5
{[%clk 0:13:27]} Qa1+ {[%clk 0:06:23]} 24. Bf1 {[%clk 0:12:52]} Qxa2
{[%clk 0:06:23]} 25. Qxb7 {[%clk 0:13:04]} a5 {[%clk 0:06:05]} 26. Qa6 a4 27. Ra7
{[%clk 0:08:01]} a3 {[%clk 0:04:23]} 28. Qxa3 {[%clk 0:07:04]} Qxa3
{[%clk 0:04:37]} 29. Rxa3 {[%clk 0:07:31]} Rd8 {[%clk 0:04:59]} 30. Ra7
{[%clk 0:07:21]} Rd1 {[%clk 0:04:53]} 31. Kg2 {[%clk 0:07:28]} Rd5
{[%clk 0:04:54]} 32. f4 {[%clk 0:07:34]} Rd2+ {[%clk 0:04:48]} 33. Kh3
{[%clk 0:07:37]} Rd1 {[%clk 0:04:30]} 34. Bc4 {[%clk 0:06:55]} Rd4
{[%clk 0:03:42]} 35. Rc7 {[%clk 0:07:15]} Rd1 {[%clk 0:03:17]} 36. Kg4
{[%clk 0:07:08]} h6 {[%clk 0:02:57]} 37. Rc8+ {[%clk 0:07:12]} Kg7
{[%clk 0:01:34]} 38. Rc7 {[%clk 0:07:16]} Kf8 {[%clk 0:01:19]} 39. h4
{[%clk 0:07:14]} Rc1 {[%clk 0:01:17]} 40. Rc8+ {[%clk 0:07:31]} Kg7
{[%clk 0:01:02]} 41. Ba6 {[%clk 0:07:53]} Rxc8 {[%clk 0:01:27]} 42. Bxc8
{[%clk 0:08:20]} Kf8 {[%clk 0:01:42]} 43. Bxe6 {[%clk 0:08:00]} fxe6
{[%clk 0:01:51]} 44. h5 {[%clk 0:08:13]} gxh5+ {[%clk 0:01:31]} 45. Kxh5
{[%clk 0:08:39]} Kg7 {[%clk 0:01:22]} 46. g4 {[%clk 0:08:58]} Kh7
{[%clk 0:00:45]} 47. g5 {[%clk 0:09:09]} hxg5 {[%clk 0:00:54]} 48. Kxg5
{[%clk 0:08:48]} Kg7 {[%clk 0:01:15]} 49. f5 {[%clk 0:09:00]} exf5
{[%clk 0:01:28]} 50. Kxf5 {[%clk 0:09:27]} Kf7 {[%clk 0:01:48]} 51. e6+
{[%clk 0:09:41]} Ke7 {[%clk 0:01:26]} 52. Ke5 {[%clk 0:10:05]} Kf8
{[%clk 0:01:40]} 53. Kf6 {[%clk 0:10:11]} 1-0

[Event "2016 Redpath Mining Millionaire Chess Open"]
[Site "Venue: Old Ed’s Sports Complex, Houghton, Johannesburg"]
[Date "2016.07.15"]
[Round "5"]
[Board "23"]
[White "Mostert, Gert"]
[Black "Odendaal, Ruben Lourens"]
[Result "1/2-1/2"]
[WhiteElo "1457"]
[BlackElo "1300"]
[PlyCount "0"]
[EventDate "2016.07.13"]
[EventRounds "9"]
[EventCountry "RSA"]

1. e4 {[%clk 1:30:55]} e6 {[%clk 1:30:56]} 2. d4 {[%clk 1:31:03]} d5
{[%clk 1:31:14]} 3. exd5 {[%clk 1:30:19]} exd5 {[%clk 1:31:37]} 4. Bd3
{[%clk 1:30:13]} Nf6 {[%clk 1:31:57]} 5. Nf3 {[%clk 1:30:03]} Be7
{[%clk 1:31:32]} 6. O-O {[%clk 1:29:12]} O-O {[%clk 1:31:30]} 7. Bg5
{[%clk 1:28:38]} Bg4 {[%clk 1:31:47]} 8. Nbd2 {[%clk 1:28:23]} c6
{[%clk 1:27:30]} 9. c3 {[%clk 1:26:54]} Nbd7 {[%clk 1:27:28]} 10. Qc2
{[%clk 1:25:19]} h6 {[%clk 1:25:54]} 11. Bh4 {[%clk 1:25:15]} Re8
{[%clk 1:25:07]} 12. Rfe1 {[%clk 1:21:49]} Qc7 {[%clk 1:19:49]} 13. h3
{[%clk 1:12:39]} Bxf3 {[%clk 1:11:50]} 14. Nxf3 {[%clk 1:11:59]} Bd6
{[%clk 1:11:41]} 15. Bxf6 {[%clk 1:05:39]} Nxf6 {[%clk 1:11:32]} 16. Nh4
{[%clk 0:59:41]} Qd7 {[%clk 1:02:14]} 17. Bf5 {[%clk 0:49:38]} Qc7
{[%clk 1:02:31]} 18. Bd3 {[%clk 0:46:35]} Qd7 {[%clk 1:02:54]} 19. Nf5
{[%clk 0:47:00]} Re6 {[%clk 1:02:30]} 20. Ne3 {[%clk 0:44:32]} Re7
{[%clk 1:00:58]} 21. Re2 {[%clk 0:39:41]} Rae8 {[%clk 0:56:47]} 22. Rae1
{[%clk 0:38:24]} Qc7 {[%clk 0:43:28]} 23. b3 {[%clk 0:35:38]} Bh2+
{[%clk 0:42:16]} 24. Kh1 {[%clk 0:33:14]} Bf4 {[%clk 0:42:30]} 25. Nf5
{[%clk 0:31:24]} Rxe2 {[%clk 0:41:27]} 26. Rxe2 {[%clk 0:31:28]} Rxe2
{[%clk 0:41:55]} 27. Qxe2 {[%clk 0:31:49]} Qd8 {[%clk 0:37:41]} 28. g3
{[%clk 0:31:03]} Bc7 {[%clk 0:36:33]} 29. Qb2 {[%clk 0:26:34]} Qe8
{[%clk 0:32:29]} 30. Qd2 {[%clk 0:24:18]} 1/2-1/2

[Event "2016 Redpath Mining Millionaire Chess Open"]
[Site "Venue: Old Ed’s Sports Complex, Houghton, Johannesburg"]
[Date "2016.07.15"]
[Round "5"]
[Board "24"]
[White "Oosthuizen, Michal Jacobus"]
[Black "Shaw, Laurie Ann"]
[Result "1-0"]
[WhiteElo "1357"]
[BlackElo "1443"]
[PlyCount "0"]
[EventDate "2016.07.13"]
[EventRounds "9"]
[EventCountry "RSA"]

1. d4 {[%clk 1:30:57]} Nf6 {[%clk 1:30:53]} 2. Bf4 {[%clk 1:31:12]} e6
{[%clk 1:31:10]} 3. e3 {[%clk 1:31:09]} b6 {[%clk 1:31:11]} 4. Nf3
{[%clk 1:30:47]} Bb7 {[%clk 1:31:10]} 5. c4 {[%clk 1:30:49]} Bb4+
{[%clk 1:30:23]} 6. Nc3 {[%clk 1:30:32]} Ne4 {[%clk 1:26:43]} 7. Qc2
{[%clk 1:30:01]} O-O {[%clk 1:18:21]} 8. Bd3 {[%clk 1:30:15]} d5 {[%clk 1:18:19]}
9. a3 {[%clk 1:30:10]} Bxc3+ {[%clk 1:18:04]} 10. bxc3 {[%clk 1:30:32]} Nd7
{[%clk 1:18:24]} 11. cxd5 {[%clk 1:30:22]} exd5 {[%clk 1:18:43]} 12. Nd2
{[%clk 1:30:30]} Ndf6 {[%clk 1:17:13]} 13. Bxe4 {[%clk 1:30:08]} dxe4
{[%clk 1:16:44]} 14. Bg5 {[%clk 1:30:21]} Re8 {[%clk 1:16:23]} 15. O-O
{[%clk 1:30:33]} Qd6 {[%clk 1:15:04]} 16. Nc4 {[%clk 1:30:14]} Qe6
{[%clk 1:12:39]} 17. Bxf6 {[%clk 1:29:39]} Qxc4 {[%clk 1:07:59]} 18. Be5
{[%clk 1:26:31]} Re6 {[%clk 1:04:51]} 19. Rab1 {[%clk 1:26:20]} Rg6
{[%clk 1:00:26]} 20. Rb4 {[%clk 1:25:54]} Qc6 {[%clk 0:47:44]} 21. c4
{[%clk 1:24:54]} Qd7 {[%clk 0:36:17]} 22. Bg3 {[%clk 1:24:03]} Rd8
{[%clk 0:33:35]} 23. d5 {[%clk 1:23:32]} Qe7 {[%clk 0:29:00]} 24. Rd1
{[%clk 1:23:07]} Rxg3 {[%clk 0:21:54]} 25. hxg3 {[%clk 1:23:05]} a5
{[%clk 0:21:53]} 26. Rbb1 {[%clk 1:20:05]} Qxa3 {[%clk 0:19:52]} 27. Qxe4
{[%clk 1:17:24]} Ba6 {[%clk 0:17:23]} 28. d6 {[%clk 1:17:25]} Qa4
{[%clk 0:09:40]} 29. Kh2 {[%clk 1:16:14]} cxd6 {[%clk 0:06:45]} 30. Rxd6
{[%clk 1:16:18]} Re8 {[%clk 0:07:03]} 31. Qd4 {[%clk 1:15:57]} h6
{[%clk 0:06:35]} 32. Rbxb6 {[%clk 1:14:58]} Qxc4 {[%clk 0:05:59]} 33. Rxa6
{[%clk 1:15:15]} Qxd4 {[%clk 0:06:16]} 34. Rxd4 {[%clk 1:15:39]} Re5
{[%clk 0:06:35]} 35. Ra4 {[%clk 1:16:02]} Rf5 {[%clk 0:06:54]} 36. f4
{[%clk 1:16:19]} Rh5+ {[%clk 0:06:50]} 37. Kg1 {[%clk 1:16:42]} Rb5
{[%clk 0:07:09]} 38. R6xa5 {[%clk 1:17:03]} Rb1+ {[%clk 0:07:06]} 39. Kf2
{[%clk 1:17:30]} Rb2+ {[%clk 0:07:24]} 40. Kf3 {[%clk 1:17:57]} Kh7
{[%clk 0:07:46]} 41. Ra7 {[%clk 1:18:19]} f6 {[%clk 0:07:40]} 42. R4a6
{[%clk 1:18:44]} Kg6 {[%clk 0:06:28]} 43. f5+ {[%clk 1:19:07]} Kh7
{[%clk 0:06:24]} 44. Rxf6 {[%clk 1:19:27]} Rc2 {[%clk 0:06:45]} 45. Rg6
{[%clk 1:19:42]} Rc8 {[%clk 0:07:02]} 46. Raxg7+ {[%clk 1:19:50]} Kh8
{[%clk 0:07:24]} 47. Rg8+ {[%clk 1:20:07]} Rxg8 {[%clk 0:07:40]} 48. Rxg8+
{[%clk 1:20:32]} Kxg8 {[%clk 0:08:05]} 49. e4 Kf7 50. e5 {[%clk 1:21:24]} Kg7
{[%clk 0:08:35]} 51. e6 {[%clk 1:21:50]} Kg8 {[%clk 0:08:47]} 52. f6
{[%clk 1:22:12]} Kf8 {[%clk 0:08:55]} 53. e7+ {[%clk 1:22:35]} Kf7
{[%clk 0:09:09]} 54. Kf4 {[%clk 1:23:00]} Ke8 {[%clk 0:09:15]} 55. Kf5
{[%clk 1:23:23]} Kf7 {[%clk 0:09:39]} 56. g4 {[%clk 1:23:49]} h5 {[%clk 0:09:49]}
57. g5 {[%clk 1:24:10]} h4 {[%clk 0:10:10]} 58. g6+ {[%clk 1:24:35]} Ke8
{[%clk 0:10:21]} 59. Ke6 {[%clk 1:25:02]} h3 {[%clk 0:10:34]} 60. f7# 1-0